| 000 | 00554nam a2200169Ia 4500 | ||
|---|---|---|---|
| 008 | 090711s9999 xx 000 0 und d | ||
| 082 | _b61268 | ||
| 100 | _aकरंदीकर ज. स. | ||
| 245 | _aगीतातत्वमंजरी | ||
| 260 |
_b"केसरी मुद्रणालय," _c1953 |
||
| 300 | _a556 | ||
| 600 | _aकरंदीकर ज. स. | ||
| 630 | _aगीतातत्वमंजरी | ||
| 700 | _aकरंदीकर ज. स. | ||
| 730 | _aगीतातत्वमंजरी | ||
| 942 | _cBOOK | ||
| 999 |
_c281657 _d281657 |
||